Finance and Development, March 1965.

This paper examines the importance of national planning for economic development of a country. The paper highlights that when World War II began, Soviet Russia was the only country engaged in systematic development planning, and then only since 1929, when its First Five-Year Plan was approved. At th...

সম্পূর্ণ বিবরণ

গ্রন্থ-পঞ্জীর বিবরন
সংস্থা লেখক: International Monetary Fund. External Relations Dept
বিন্যাস: পত্রিকা
ভাষা:English
প্রকাশিত: Washington, D.C. : International Monetary Fund, 1965.
মালা:Finance and Development; Finance and Development ; No. 0002/001
অনলাইন ব্যবহার করুন:Full text available on IMF
LEADER 01496cas a2200229 a 4500
001 AALejournalIMF011502
008 230101c9999 xx r poo 0 0eng d
020 |z 9781616352776 
022 |a 0145-1707 
040 |a BD-DhAAL  |c BD-DhAAL 
110 2 |a International Monetary Fund.  |b External Relations Dept. 
245 1 0 |a Finance and Development, March 1965. 
264 1 |a Washington, D.C. :  |b International Monetary Fund,  |c 1965. 
300 |a 1 online resource (70 pages) 
490 1 |a Finance and Development 
500 |a <strong>Off-Campus Access:</strong> No User ID or Password Required 
500 |a <strong>On-Campus Access:</strong> No User ID or Password Required 
506 |a Electronic access restricted to authorized BRAC University faculty, staff and students 
520 3 |a This paper examines the importance of national planning for economic development of a country. The paper highlights that when World War II began, Soviet Russia was the only country engaged in systematic development planning, and then only since 1929, when its First Five-Year Plan was approved. At the end of the War, Asian countries that either had, or were about to, become independent, embraced planning to a much greater extent than countries in any other region. 
538 |a Mode of access: Internet 
830 0 |a Finance and Development; Finance and Development ;  |v No. 0002/001 
856 4 0 |z Full text available on IMF  |u http://elibrary.imf.org/view/journals/022/0002/001/022.0002.issue-001-en.xml  |z IMF e-Library